000 00561nam a22001577a 4500
999 _c534671
_d534671
020 _qHard Cover.
082 _a624.1
100 _aJamal, Ahmar.
245 _a Prospects of build operate transfer (BOT) project delivery method for road infrastructure /
_cJamal Ahmar.
260 _aIslamabad :
_bNIT - NUST,
_c2012.
300 _axii, 113 p. ill. :
_c30cm.
942 _2ddc
_cTHE
650 _aConstruction Engineering and Management - MS Thesis.
_917023
700 _aDr. Hamza Farooq Gabriel.
_927413